00606nam a2200181Ia 4500008004100000082001900041100002300060245001300083250000800096260002900104300001200133500002400145650001500169942000700184952010800191952010800299999001700407230524s9999 xx 000 0 und d a621.38296bRAM aTimothy S. Ramteke 0aNetworks a2ND aSINGAPOREbPearsonc2004 aXIV;705 aQuantity Number: 2 aElectrical cBK 00104070aTATCLbTATCLcGENd2023-05-24l0o621.38296 RAMp6554r2023-05-24w2023-05-24yBKzCPES5201 00104070aTATCLbTATCLcGENd2023-05-24l0o621.38296 RAMp6555r2023-05-24w2023-05-24yBKzCPES5201 c17733d17733